书目信息 |
| 题名: |
吴式太极拳及其防身应用
|
|
| 作者: | 陈建云 编著 | |
| 分册: | ||
| 出版信息: | 北京 北京体育大学出版社 2002.05 |
|
| 页数: | 218页 | |
| 开本: | 21cm | |
| 丛书名: | ||
| 单 册: | ||
| 中图分类: | G852.11 | |
| 科图分类: | ||
| 主题词: | 太极拳--tai ji quan--套路 (武术)--基本知识 , 太极拳--tai ji quan--套路(武术) | |
| 电子资源: | ||
| ISBN: | 7-81051-727-9 | |
| 000 | 00999nam0 2200253 450 | |
| 001 | 012007355681 | |
| 005 | 20070619160715.97 | |
| 010 | @a7-81051-727-9@dCNY14.00 | |
| 100 | @a20040820d2002 km y0chiy0120 ea | |
| 101 | 0 | @achi |
| 102 | @aCN@b110000 | |
| 105 | @aac z 000yy | |
| 200 | 1 | @a吴式太极拳及其防身应用@Awu shi tai ji quan ji qi fang shen ying yong@f陈建云编著@Fchen jian yun bian zhu |
| 210 | @a北京@c北京体育大学出版社@d2002.05 | |
| 215 | @a218页@c图,肖像@d21cm | |
| 314 | @a陈建云(1963~),武英级运动员,国家级裁判,现在北京体育大学武术教研室任教。出版有《中国武术段位制教程》等。 | |
| 330 | @a本书包括吴式太极拳功法练习、吴式太极拳竞赛套路、吴式太极拳竞赛套路的防身用法、吴式太极拳传统套路、吴式太极拳学练问答等六章内容。 | |
| 606 | 0 | @a太极拳@Atai ji quan@x套路 (武术)@x基本知识 |
| 606 | 0 | @a太极拳@Atai ji quan@x套路(武术) |
| 610 | 0 | @a吴氏太极拳 |
| 690 | @aG852.11@v4 | |
| 701 | 0 | @a陈建云@Achen jian yun@4编著 |
| 801 | 0 | @aCN@c20070619 |
| 905 | @a10447@dG852.11@eC468 | |
| 吴式太极拳及其防身应用/陈建云编著.-北京:北京体育大学出版社,2002.05 |
| 218页:图,肖像;21cm |
| ISBN 7-81051-727-9:CNY14.00 |
| 本书包括吴式太极拳功法练习、吴式太极拳竞赛套路、吴式太极拳竞赛套路的防身用法、吴式太极拳传统套路、吴式太极拳学练问答等六章内容。 |
| ● |
| 相关链接 |
|
|
|
正题名:吴式太极拳及其防身应用
索取号:G852.11/C468
 
预约/预借
| 序号 | 登录号 | 条形码 | 馆藏地/架位号 | 状态 | 备注 |
| 1 | 242126 | 202421263 | 社科库409/401自科库 6排1列3层/ [索取号:G852.11/C468] | 在馆 |